Principes et methodes de la vulgarisation agricole (Record no. 9501)

000 -LEADER
fixed length control field 00249nam a22001217a 4500
040 ## - CATALOGING SOURCE
Transcribing agency HS
082 ## - DEWEY DECIMAL CLASSIFICATION NUMBER
Classification number 531
100 ## - MAIN ENTRY--AUTHOR NAME
Personal name NA
245 ## - TITLE STATEMENT
Title Principes et methodes de la vulgarisation agricole
260 ## - PUBLICATION, DISTRIBUTION, ETC. (IMPRINT)
Place of publication AIP
Name of publisher NA
Year of publication 1985
300 ## - PHYSICAL DESCRIPTION
Number of Pages 178p;
942 ## - ADDED ENTRY ELEMENTS (KOHA)
Koha item type សៀវភៅភាសាបារាំង
952 ## - LOCATION AND ITEM INFORMATION (KOHA)
Withdrawn status [LOCAL, KOHA] 0
952 ## - LOCATION AND ITEM INFORMATION (KOHA)
Withdrawn status [LOCAL, KOHA] 0
952 ## - LOCATION AND ITEM INFORMATION (KOHA)
Withdrawn status [LOCAL, KOHA] 0
952 ## - LOCATION AND ITEM INFORMATION (KOHA)
Withdrawn status [LOCAL, KOHA] 0
952 ## - LOCATION AND ITEM INFORMATION (KOHA)
Withdrawn status [LOCAL, KOHA] 0
Holdings
Permanent Location Date acquired Koha item type Lost status Shelving location Barcode Current Location Full call number
Library Block C2016-09-02សៀវភៅភាសាបារាំង C175RUA045761Library Block C531 NA 1985 C175
Library Block C2016-09-19សៀវភៅភាសាបារាំង C161RUA045831Library Block C531 NA 1985 C161
Library Block C2016-09-19សៀវភៅភាសាបារាំង C161RUA045951Library Block C531 NA 1985 C161
Library Block C2016-09-19សៀវភៅភាសាបារាំង C162RUA045891Library Block C531 NA 1985 C162
Library Block C2016-09-19សៀវភៅភាសាបារាំង C162RUA045048Library Block C531 NA 1985 C162
មជ្ឈមណ្ឌលឯការនៃសាកលវិទ្យាល័យភូមិន្ទកសិកម្មចំការដូង

Powered by Koha